| 000 | 00399nam a2200145 a 4500 | ||
|---|---|---|---|
| 005 | 20140412111427.0 | ||
| 008 | 090224s19uu xx 00 eng d | ||
| 020 | _a2-7641-1783-3 | ||
| 050 |
_aER _bJa12 2005 |
||
| 100 | _aFonte, Isabel | ||
| 245 |
_aJack and the beanstalk / : _cIsabel Fonte. _bLittle red riding hood / |
||
| 260 |
_aCanada : _bTormont, _c2005. |
||
| 300 | _a24p. | ||
| 999 |
_c106279 _d106279 |
||